00390nam a2200145Ia 4500008004100000020001800041041000800059082001600067100001700083245006600100250000600166260003200172300001300204650002700217210716s2008 xx 000 0 und d a9788175543379 aeng a651.73 GREA aGreen, Andy. aEffective personal communication skills for public relations. a1 aNew DelhibKogan Pagec2008 axvii,219 aBusiness Communication